000 00675nam a2200289Ia 4500
005 20260324143246.0
008 008 260324s9999 xx 000 0 eng d
020 _a9781315149226
037 _aEBOOK
040 _aCRL
040 _beng
040 _cCRL
041 _2eng
041 _aeng
084 _qCRL
100 _aLucy Heckman
_91197754
245 4 _aThe New York Stock Exchange
245 2 _bA Guide to Information Sources
260 _bTaylor and Francis
260 _c1992
365 _a
365 _b140
856 _uhttp://www.taylorfrancis.com/books/9781315149226
942 _cEBOOK
999 _c1820150
_d1820150